000 00389cam a22001097a 4500
008 180718b2001 xxu||||| |||| 00| 0 eng d
100 _aGauri, Varun
245 _aAre incentives everything? payment mechanisms for health care providers in developing countries
_cby Varun Gauri
260 _aWashington, D.C.
_bWorld Bank
_c2001
300 _a20p.
440 _aPolicy research working paper 2624
999 _c286811
_d286811